000
00315nam a2200121 a 4500
005
20140414132113.0
008
110805s19uu xx 00 eng d
050
_a
ER
_b
Wh556 1988
100
_a
Moncure, Jane Belk
245
_a
Where is baby bear.
260
_a
USA :
_b
The Children's world,
_c
1988.
999
_c
114813
_d
114813